|
|
|
|
| LEADER |
00000cam a2200000Mi 4500 |
| 001 |
EBOOKCENTRAL_on1027150607 |
| 003 |
OCoLC |
| 005 |
20240329122006.0 |
| 006 |
m o d |
| 007 |
cr |n|---||||| |
| 008 |
180303s2018 ie o 000 0 fre d |
| 040 |
|
|
|a EBLCP
|b eng
|e pn
|c EBLCP
|d OCLCQ
|d YDX
|d OCLCQ
|d UEJ
|d OCLCO
|d OCLCF
|d OCLCO
|d OCLCQ
|d OCLCO
|d OCLCL
|
| 019 |
|
|
|a 1027193749
|a 1027552002
|
| 020 |
|
|
|a 9782379110412
|
| 020 |
|
|
|a 2379110417
|
| 029 |
1 |
|
|a AU@
|b 000065979211
|
| 035 |
|
|
|a (OCoLC)1027150607
|z (OCoLC)1027193749
|z (OCoLC)1027552002
|
| 050 |
|
4 |
|a DA87.1.B6
|b .B554 2010
|
| 082 |
0 |
4 |
|a 359.1334
|2 23
|
| 049 |
|
|
|a UAMI
|
| 100 |
1 |
|
|a Bligh, William.
|
| 245 |
1 |
0 |
|a Rescapés du Bounty :
|b Journal de bord.
|
| 260 |
|
|
|a Cork :
|b Primento Digital Publishing,
|c 2018.
|
| 300 |
|
|
|a 1 online resource (67 pages)
|
| 336 |
|
|
|a text
|b txt
|2 rdacontent
|
| 337 |
|
|
|a computer
|b c
|2 rdamedia
|
| 338 |
|
|
|a online resource
|b cr
|2 rdacarrier
|
| 588 |
0 |
|
|a Print version record.
|
| 505 |
0 |
|
|a Page de couverture; Page titre; Copyright; Avis Du Traducteur; Relation De Lâ#x80;#x99;enlevement; Table des MatiÃr̈es.
|
| 590 |
|
|
|a ProQuest Ebook Central
|b Ebook Central Academic Complete
|
| 600 |
1 |
0 |
|a Bligh, William,
|d 1754-1817.
|
| 600 |
1 |
7 |
|a Bligh, William,
|d 1754-1817
|2 fast
|1 https://id.oclc.org/worldcat/entity/E39PBJqFJwxv8Y43KmXRbpFqcP
|
| 758 |
|
|
|i has work:
|a Rescapés du Bounty (Text)
|1 https://id.oclc.org/worldcat/entity/E39PCFrpbdgRMYtQvcKJKGbMvb
|4 https://id.oclc.org/worldcat/ontology/hasWork
|
| 776 |
0 |
8 |
|i Print version:
|a Bligh, William.
|t Rescapés du Bounty : Journal de bord.
|d Cork : Primento Digital Publishing, ©2018
|
| 856 |
4 |
0 |
|u https://ebookcentral.uam.elogim.com/lib/uam-ebooks/detail.action?docID=5310173
|z Texto completo
|
| 938 |
|
|
|a ProQuest Ebook Central
|b EBLB
|n EBL5310173
|
| 938 |
|
|
|a YBP Library Services
|b YANK
|n 15194482
|
| 994 |
|
|
|a 92
|b IZTAP
|